| 000 | 00735cab a2200217 4500 | ||
|---|---|---|---|
| 001 | X82162 | ||
| 008 | 090401t1997 xxu||||| |||| 00| 0 eng d | ||
| 035 | _a(Sirsi) u82162 | ||
| 041 | _aeng | ||
| 100 | _aBardouil, S. | ||
| 245 | _aProperty rights can be human rights | ||
| 260 | _c1997 | ||
| 350 | _a0 | ||
| 490 |
_aEuroProperty _v6(7) November 1997, 10(1) |
||
| 520 | _aA personal view of the work of the Office of the High Representative, the international office set up under the Dayton peace agreement, and her work dealing with property issues in the aftermath of the war in Bosnia. | ||
| 650 | _aBOSNIA | ||
| 650 | _aOFFICE OF THE HIGH REPRESENTATIVE | ||
| 650 | _aPROPERTY LAWS | ||
| 942 | _n0 | ||
| 948 | _c18/11/1997 | ||
| 999 |
_c51829 _d51829 |
||